The noble scholar, jurist, historian


 His Excellency Dr. Abdul Wahhab bin Ibrahim Abu Sulaiman, may Allah have mercy on him.


 He was born in Umm Al-Qura in the year 1356 AH.

الرأي عند الإمام أحمد بن حنبل (Record no. 13493)

MARC details
000 -LEADER
fixed length control field 01519ctm a22003011a 4500
003 - CONTROL NUMBER IDENTIFIER
control field SA-RiAUC
005 - DATE AND TIME OF LATEST TRANSACTION
control field 20251212140619.0
007 - PHYSICAL DESCRIPTION FIXED FIELD--GENERAL INFORMATION
fixed length control field co ug ---uuauu         
008 - FIXED-LENGTH DATA ELEMENTS--GENERAL INFORMATION
fixed length control field 251208s1974 su fsbm 00000dara c
040 ## - CATALOGING SOURCE
Original cataloging agency SA-JeALM
Language of cataloging ara
Transcribing agency SA-RiAUC
Description conventions rda
082 04 - DEWEY DECIMAL CLASSIFICATION NUMBER
Classification number 258.4
Assigning agency SA-RiAUC
090 ## - LOCALLY ASSIGNED LC-TYPE CALL NUMBER (OCLC); LOCAL CALL NUMBER (RLIN)
Classification number (OCLC) (R) ; Classification number, CALL (RLIN) (NR) ر 258.4
Local cutter number (OCLC) ; Book number/undivided call number, CALL (RLIN) م ر ش
100 1# - MAIN ENTRY--PERSONAL NAME
Personal name المرشد، عثمان بن إبراهيم بن مرشد ،
Dates associated with a name 1364 هـ
245 12 - TITLE STATEMENT
Title الرأي عند الإمام أحمد بن حنبل
Statement of responsibility, etc. عثمان بن إبراهيم بن مرشد المرشد ؛ إشراف أحمد فهمي أبو سنة.
Medium [ملف كمبيوتر] /
260 ## - PUBLICATION, DISTRIBUTION, ETC.
Date of publication, distribution, etc. 1974
264 ## - PRODUCTION, PUBLICATION, DISTRIBUTION, MANUFACTURE, AND COPYRIGHT NOTICE
Place of production, publication, distribution, manufacture مكة المكرمة .
Name of producer, publisher, distributor, manufacturer جامعة الملك عبدالعزيز .
Date of production, publication, distribution, manufacture, or copyright notice 1974
300 ## - PHYSICAL DESCRIPTION
Extent 337 ورقه ؛
Dimensions 30 سم .
500 ## - GENERAL NOTE
General note اهداء من المؤلف عثمان المرشد الى الشيخ رحمه الله بتاريخ 20 / 5 / 1395 هـ
500 ## - GENERAL NOTE
General note دراسة لنيل رسالة الماجستير
504 ## - BIBLIOGRAPHY, ETC. NOTE
Bibliography, etc. note يشتمل على إرجاعات ببليوجرافية.
530 ## - ADDITIONAL PHYSICAL FORM AVAILABLE NOTE
Additional physical form available note متاحة نسخة على شكل مطبوع.
600 17 - SUBJECT ADDED ENTRY--PERSONAL NAME
Personal name الإمام ابن حنبل، أحمد بن محمد بن حنبل،
Dates associated with a name 164-241 هجري
General subdivision آراء حول الاجتهاد
Form subdivision أقراص مدمجة
Source of heading or term aucnm
650 #7 - SUBJECT ADDED ENTRY--TOPICAL TERM
Topical term or geographic name entry element الفقه الحنبلي
Source of heading or term aucsh
650 #7 - SUBJECT ADDED ENTRY--TOPICAL TERM
Topical term or geographic name entry element الاجتهاد (أصول فقه)
Source of heading or term aucsh
700 ## - ADDED ENTRY--PERSONAL NAME
Personal name أبو سنة، أحمد فهمي
Relator term مشرف .
942 ## - ADDED ENTRY ELEMENTS (KOHA)
Source of classification or shelving scheme Dewey Decimal Classification
Koha item type رسالة علمية
Suppress in OPAC No
949 ## - LOCAL PROCESSING INFORMATION (OCLC)
a SA-JeALM
d 251208
u osman123
n 1
Holdings
Withdrawn status Lost status Source of classification or shelving scheme Damaged status Not for loan Collection Home library Current library Date acquired Total checkouts Full call number Barcode Date last seen Price effective from Koha item type
    Dewey Decimal Classification     اهداء DR AbdElwahab Library DR AbdElwahab Library 12/12/2025   ر 258.4 م ر ش 000021632 12/12/2025 12/12/2025 رسالة علمية